000 00790nam a2200205 u 4500
001 000494620
003 AM-YeHGA
005 20250618072636.0
008 060706|1961 ai | |||||||||||||arm|d
040 _aAM-YeHGA
041 0 _aarm
100 1 _aՍըվասլըեան, Յակոբ
245 1 0 _aԱմենայն Հայոց Վեհափառ Հայրապետ Ն.Ս.Օ.Տ.Տ. Վազգէն Ա. Կաթողիկոս եւ իր Թուրքիա այցելութիւնը /
_cՊատր.՝ Յ. Սըվասլըեան.
260 _aԱ. տ. :
_bԱ. հ.,
_c1961.
300 _a72 էջ :
_bլուսանկ. ;
_c24 սմ.
500 _aԱռանց տիտղթ., նկարագր. է կազմից
500 _aՍյունակագիր
650 1 4 _aՀայ եկեղեցու գործիչներ
_94735
090 _c183841
999 _c182388
_d182388